Safety, health, and environmental concepts for the process industry / (Record no. 14327)

000 -LEADER
fixed length control field 00808cam a2200229 a 4500
003 - CONTROL NUMBER IDENTIFIER
control field OSt
005 - DATE AND TIME OF LATEST TRANSACTION
control field 20260210175319.0
008 - FIXED-LENGTH DATA ELEMENTS--GENERAL INFORMATION
fixed length control field 111027s2013 nyua 001 0 eng
020 ## - INTERNATIONAL STANDARD BOOK NUMBER
International Standard Book Number 9781133013471
082 00 - DEWEY DECIMAL CLASSIFICATION NUMBER
Classification number 660.2
Edition number 23
100 1# - MAIN ENTRY--PERSONAL NAME
Personal name Speegle, Michael.
245 10 - TITLE STATEMENT
Title Safety, health, and environmental concepts for the process industry /
Statement of responsibility, etc Michael Speegle.
250 ## - EDITION STATEMENT
Edition statement 2nd ed.
260 ## - PUBLICATION, DISTRIBUTION, ETC. (IMPRINT)
Place of publication, distribution, etc Clifton Park, NY :
Name of publisher, distributor, etc Delmar, Cengage Learning,
Date of publication, distribution, etc c2013.
300 ## - PHYSICAL DESCRIPTION
Extent viii, 328 p. :
Other physical details ill. ;
Dimensions 28 cm.
500 ## - GENERAL NOTE
General note Includes index.
650 #0 - SUBJECT ADDED ENTRY--TOPICAL TERM
Topical term or geographic name as entry element Chemical processes
General subdivision Safety measures.
650 #0 - SUBJECT ADDED ENTRY--TOPICAL TERM
Topical term or geographic name as entry element Chemical engineering
General subdivision Safety measures.
650 #0 - SUBJECT ADDED ENTRY--TOPICAL TERM
Topical term or geographic name as entry element Chemical engineers
General subdivision Health and hygiene.
856 41 - ELECTRONIC LOCATION AND ACCESS
Materials specified Table of contents only
Uniform Resource Identifier <a href="http://www.loc.gov/catdir/enhancements/fy1212/2011942152-t.html">http://www.loc.gov/catdir/enhancements/fy1212/2011942152-t.html</a>
942 ## - ADDED ENTRY ELEMENTS (KOHA)
Source of classification or shelving scheme
Holdings
Withdrawn status Lost status Source of classification or shelving scheme Damaged status Koha normalized classification for sorting Not for loan Permanent location Current location Shelving location Date acquired Full call number Barcode Date last seen Price effective from Koha item type
        660_200000000000000   BMS College of Architecture, Design and Planning BMS College of Architecture, Design and Planning General Stacks 2025-12-17 660.2 AR-UG5244 2026-02-10 2026-02-10 UG Books
Copyright © 2025, The Librarian, Library and Information Centre, BMSCA D&P, Bengaluru. All Rights Reserved
web counter

Powered by Koha